[Event "Paul Keres Memorial Festival 2014"]
[Site "Tallinn"]
[Date "2014.01.10"]
[Round "1.1"]
[White "Sirosh, Ilja"]
[Black "Azarov, Sergei"]
[Result "1/2-1/2"]
[WhiteElo "2105"]
[BlackElo "2616"]
[PlyCount "63"]
[EventDate "2014.??.??"]

1. d4 Nf6 2. c4 e6 3. Nc3 Bb4 4. e3 c5 5. Nge2 cxd4 6. exd4 O-O 7. a3 Be7 8.
Nf4 b6 9. Be2 Bb7 10. O-O d6 11. Be3 Nbd7 12. Rc1 Rc8 13. b4 a6 14. Qb3 Rc7 15.
d5 e5 16. Nd3 Qb8 17. f4 b5 18. cxb5 axb5 19. fxe5 dxe5 20. Nf2 Ba8 21. Rcd1
Rxc3 22. Qxc3 Nxd5 23. Qb3 N7f6 24. Bf3 Nxe3 25. Qxe3 e4 26. Nxe4 Bxe4 27. Bxe4
Qxh2+ 28. Kxh2 Ng4+ 29. Kg3 Nxe3 30. Rh1 Nxd1 31. Bxh7+ Kh8 32. Bg6+ 1/2-1/2

[Event "Paul Keres Memorial Festival 2014"]
[Site "Tallinn"]
[Date "2014.01.10"]
[Round "1.2"]
[White "Danin, Alexandre"]
[Black "Tsiganova, Monika"]
[Result "1-0"]
[WhiteElo "2602"]
[BlackElo "2102"]
[PlyCount "107"]
[EventDate "2014.??.??"]

1. e4 c6 2. d4 d5 3. exd5 cxd5 4. c4 Nf6 5. Nc3 g6 6. Qb3 Bg7 7. cxd5 O-O 8.
Be2 Nbd7 9. Bf3 Nb6 10. Nge2 Bf5 11. d6 exd6 12. Bxb7 Rb8 13. Bf3 Bg4 14. Bxg4
Nxg4 15. O-O Re8 16. Qd1 d5 17. h3 Nf6 18. b3 Ne4 19. Bf4 Rc8 20. Rc1 Qh4 21.
Nxe4 Rxc1 22. Qxc1 Rxe4 23. Bg5 Bh6 24. Bxh4 Bxc1 25. Nxc1 Rxh4 26. f4 g5 27.
Nd3 Nc8 28. Re1 Kf8 29. Re5 Ne7 30. Rxg5 f6 31. Rg4 Rh5 32. Nc1 Kf7 33. Ne2 f5
34. Rg3 Rh6 35. Rc3 Ra6 36. Rc2 Ke6 37. Kf2 Nc6 38. a4 Kd6 39. g4 Rb6 40. Rc3
Rb4 41. Ke3 Rb8 42. Kd2 a5 43. Re3 Rf8 44. g5 Rb8 45. h4 Rb4 46. Rd3 Rb8 47.
Nc3 Re8 48. Re3 Rg8 49. Nb5+ Kd7 50. Rc3 Re8 51. Rc5 Ne7 52. h5 Rb8 53. Rc7+
Kd8 54. Ra7 1-0

[Event "Paul Keres Memorial Festival 2014"]
[Site "Tallinn"]
[Date "2014.01.10"]
[Round "1.3"]
[White "Nestor, Kaarel"]
[Black "Yemelin, Vasily"]
[Result "1/2-1/2"]
[WhiteElo "2093"]
[BlackElo "2558"]
[PlyCount "90"]
[EventDate "2014.??.??"]

1. d4 Nf6 2. c4 e6 3. Nc3 Bb4 4. Nf3 b6 5. Bg5 Bb7 6. e3 Bxc3+ 7. bxc3 d6 8.
Bd3 Nbd7 9. O-O h6 10. Bh4 Qe7 11. Re1 g5 12. Bg3 O-O-O 13. e4 Nh5 14. a4 a5
15. e5 Nxg3 16. hxg3 c5 17. Be4 g4 18. Bxb7+ Kxb7 19. exd6 Qxd6 20. Ne5 Nxe5
21. dxe5 Qxd1 22. Raxd1 Rhg8 23. Kh2 Rxd1 24. Rxd1 Rg5 25. Re1 Rf5 26. Kg1 Kc7
27. Re4 Kd7 28. Kf1 Rh5 29. Kg1 Rf5 30. Kf1 Rh5 31. Kg1 Rg5 32. Kh2 Ke7 33. Re3
Rh5+ 34. Kg1 Rg5 35. Kh2 Rg8 36. Rd3 Rd8 37. Rxd8 Kxd8 38. f3 Ke7 39. Kg1 f6
40. exf6+ Kxf6 41. Kf2 gxf3 42. gxf3 h5 43. Ke3 Kf5 44. Kd3 Ke5 45. Ke3 Kf5
1/2-1/2

[Event "Paul Keres Memorial Festival 2014"]
[Site "Tallinn"]
[Date "2014.01.10"]
[Round "1.4"]
[White "Miezis, Normunds"]
[Black "Iivonen, Markku"]
[Result "1-0"]
[WhiteElo "2555"]
[BlackElo "2042"]
[PlyCount "77"]
[EventDate "2014.??.??"]

1. c4 d6 2. Nc3 e5 3. g3 f5 4. Bg2 Nf6 5. d3 Be7 6. e4 c6 7. Nge2 O-O 8. O-O
Na6 9. f3 Kh8 10. b3 Qe8 11. exf5 Bxf5 12. d4 Rd8 13. g4 Bg6 14. d5 Nb4 15. a3
Nd3 16. Be3 cxd5 17. cxd5 b6 18. h3 Qf7 19. f4 exf4 20. Nxf4 Nxf4 21. Bxf4 Qg8
22. Nb5 Bf7 23. Nc3 Rc8 24. Rc1 Rfe8 25. Qd2 a6 26. Rcd1 Bg6 27. g5 Nd7 28. h4
Ne5 29. Ne4 h6 30. gxh6 Bxe4 31. Bxe5 dxe5 32. Bxe4 gxh6+ 33. Kh1 Qg7 34. Rf7
Bg5 35. Rxg7 Bxd2 36. Rh7+ Kg8 37. Rxd2 Rc1+ 38. Kh2 Re1 39. Rg2+ 1-0

[Event "Paul Keres Memorial Festival 2014"]
[Site "Tallinn"]
[Date "2014.01.10"]
[Round "1.5"]
[White "Penttila, Tero"]
[Black "Malakhatko, Vadim"]
[Result "0-1"]
[WhiteElo "2022"]
[BlackElo "2549"]
[PlyCount "84"]
[EventDate "2014.??.??"]

1. e4 c5 2. Nf3 e6 3. d4 cxd4 4. Nxd4 Nc6 5. Nc3 Qc7 6. Ndb5 Qb8 7. Be3 a6 8.
Bb6 axb5 9. Nxb5 Bb4+ 10. c3 Ba5 11. Nc7+ Qxc7 12. Bxc7 Bxc7 13. Qg4 g6 14. f4
Nge7 15. Bd3 d5 16. Qf3 dxe4 17. Bxe4 O-O 18. a4 e5 19. b4 exf4 20. O-O Bb6+
21. Kh1 Be3 22. g3 Bf5 23. gxf4 Bxe4 24. Qxe4 Nf5 25. a5 Rfe8 26. Qc4 Rac8 27.
Qb5 Re7 28. Rad1 Na7 29. Qd3 Rec7 30. Qe4 Nb5 31. Rd3 Nxc3 32. Rxc3 Rxc3 33.
Qxb7 R3c7 34. Qd5 Rc2 35. Qd7 R8c4 36. a6 Ra2 37. Qe8+ Kg7 38. Re1 Rcc2 39.
Rxe3 Nxe3 40. Qe5+ f6 41. Qe7+ Kh6 42. Qxe3 Ra1+ 0-1

[Event "Paul Keres Memorial Festival 2014"]
[Site "Tallinn"]
[Date "2014.01.10"]
[Round "1.6"]
[White "Lintschevski, Daniil"]
[Black "Haavamäe, Henrik"]
[Result "0-1"]
[WhiteElo "2541"]
[BlackElo "2017"]
[PlyCount "93"]
[EventDate "2014.??.??"]

1. e4 c5 2. Nf3 Nc6 3. d4 cxd4 4. Nxd4 Nf6 5. Nc3 e5 6. Ndb5 d6 7. Bg5 a6 8.
Na3 b5 9. Nd5 Be7 10. Bxf6 Bxf6 11. c4 b4 12. Nc2 a5 13. g3 Bg5 14. h4 Bh6 15.
Bh3 O-O 16. Qh5 Bxh3 17. Rxh3 a4 18. Nce3 Bxe3 19. Nxe3 Nd4 20. Kf1 b3 21. Qd1
Qc8 22. g4 Qc6 23. Qd3 a3 24. axb3 axb2 25. Rb1 Ra1 26. Nd5 Qa6 27. Kg2 Rxb1
28. Qxb1 Qa1 29. Rh1 Nxb3 30. Nc3 Rb8 31. Rd1 Qxb1 32. Nxb1 Nd4 33. Nd2 Kf8 34.
Rb1 Ne2 35. Re1 Nc3 36. Re3 b1=Q 37. Nxb1 Nxb1 38. Rd3 Ke7 39. c5 dxc5 40. Rd5
c4 41. Rxe5+ Kd6 42. Rd5+ Kc6 43. Kf3 c3 44. Rd4 Kc5 45. Rd7 Rb6 46. Rd1 c2 47.
Rc1 0-1

[Event "Paul Keres Memorial 2014"]
[Site "?"]
[Date "2014.01.10"]
[Round "1.7"]
[White "Dragun, Valentin"]
[Black "Kveinys, Aloysas"]
[Result "0-1"]
[WhiteElo "2002"]
[BlackElo "2540"]
[PlyCount "68"]
[EventDate "2014.01.13"]
[SourceDate "2014.01.13"]

1. e4 c5 2. Nf3 e6 3. d3 Nc6 4. g3 g6 5. Bg2 Bg7 6. O-O Nge7 7. Re1 d6 8. Nbd2
O-O 9. h4 e5 10. c3 h6 11. Nf1 Be6 12. Be3 f5 13. Qd2 Kh7 14. Bg5 Qd7 15. Bxe7
Nxe7 16. N1h2 Nc6 17. h5 g5 18. exf5 Bxf5 19. Qe3 Qf7 20. g4 Be6 21. Nd2 Kh8
22. Ne4 Qd7 23. f3 b6 24. Ng3 d5 25. Nhf1 Rae8 26. Qe2 Qc7 27. Bh3 Rf4 28. Ne3
e4 29. dxe4 d4 30. Nef5 dxc3 31. bxc3 Bxc3 32. Bg2 Bxf5 33. Nxf5 Rxf5 34. gxf5
Bd4+ 0-1

[Event "Paul Keres Memorial Festival 2014"]
[Site "?"]
[Date "2014.01.10"]
[Round "1.8"]
[White "Gleizerov, Evgeny"]
[Black "Medar, Marti"]
[Result "1-0"]
[WhiteElo "2534"]
[BlackElo "2002"]
[PlyCount "41"]
[EventDate "2014.01.13"]
[SourceDate "2014.01.13"]

1. d4 c6 2. c4 d6 3. e4 Qc7 4. Nf3 Bg4 5. Be2 Nd7 6. Ng1 Bxe2 7. Nxe2 Ngf6 8.
Nbc3 e5 9. O-O Be7 10. Ng3 a6 11. Nf5 Bf8 12. f4 g6 13. Nxd6+ Bxd6 14. fxe5
Nxe5 15. Rxf6 Nd7 16. Rf3 Bxh2+ 17. Kh1 Bd6 18. c5 Be7 19. Qb3 f6 20. Bf4 Qc8
21. Bh6 1-0

[Event "Paul Keres Memorial Festival 2014"]
[Site "?"]
[Date "2014.01.10"]
[Round "1.9"]
[White "Petrov, Dmitri"]
[Black "Chatalbashev, Boris"]
[Result "1/2-1/2"]
[WhiteElo "1980"]
[BlackElo "2533"]
[PlyCount "64"]
[EventDate "2014.01.13"]
[SourceDate "2014.01.13"]

1. e4 g6 2. d4 Bg7 3. Nc3 d6 4. f4 Nf6 5. Nf3 O-O 6. e5 Nfd7 7. h4 c5 8. h5
cxd4 9. Qxd4 dxe5 10. Qf2 e4 11. Nxe4 Nf6 12. Nxf6+ exf6 13. Be2 Re8 14. hxg6
hxg6 15. Bd2 Qe7 16. Kf1 Nd7 17. Re1 Qc5 18. Bd3 Rxe1+ 19. Qxe1 Nf8 20. Qe8 b6
21. Qe4 Rb8 22. Bb4 f5 23. Qe1 Qc7 24. Qh4 Bb7 25. Bc3 f6 26. Bxf6 Bxf3 27.
gxf3 b5 28. Rg1 Qc6 29. Bxg7 Qxf3+ 30. Qf2 Qd1+ 31. Kg2 Qg4+ 32. Kf1 Qd1+
1/2-1/2

[Event "Paul Keres Memorial Festival 2014"]
[Site "?"]
[Date "2014.01.10"]
[Round "1.10"]
[White "Hasangatin, Ramil"]
[Black "Taylor, Robert Graham"]
[Result "1-0"]
[WhiteElo "2501"]
[BlackElo "1959"]
[Annotator ",Maleliit"]
[PlyCount "54"]
[EventDate "2014.01.13"]
[SourceDate "2014.01.13"]

1. e4 c5 2. Nf3 e6 3. g3 Nc6 4. Bg2 d6 5. O-O Nf6 6. Re1 Qc7 7. c3 Be7 8. d4
O-O 9. d5 Nd8 10. c4 e5 11. Nc3 Bg4 12. h3 Bxf3 13. Qxf3 Qd7 14. Qd1 Ne8 15. f4
f6 16. a3 Nf7 17. Bd2 g6 18. b4 b6 19. Ra2 Ng7 20. Qb1 f5 21. exf5 Nxf5 22. Ne4
Qd8 23. bxc5 bxc5 24. Qb7 Bf6 25. Qc6 Qc8 26. Nxf6+ Kg7 27. fxe5 dxe5 {...} 1-0

[Event "Paul Keres Memorial Festival 2014"]
[Site "?"]
[Date "2014.01.10"]
[Round "1.11"]
[White "Ceponis, Tadas"]
[Black "Smirnov, Artem"]
[Result "0-1"]
[WhiteElo "1949"]
[BlackElo "2418"]
[PlyCount "70"]
[EventDate "2014.01.13"]
[SourceDate "2014.01.13"]

1. d4 Nf6 2. c4 e6 3. Nf3 b6 4. g3 Ba6 5. b3 Bb4+ 6. Bd2 Be7 7. Qc2 Bb7 8. Bg2
O-O 9. O-O c5 10. Bc3 cxd4 11. Nxd4 Bxg2 12. Kxg2 Qc7 13. Nd2 a6 14. Qb2 b5 15.
a3 d6 16. Kg1 Qb7 17. Rac1 Nbd7 18. Qa2 Rfc8 19. Ba1 h5 20. Qb2 bxc4 21. Rxc4
Rxc4 22. Nxc4 h4 23. f3 d5 24. Nd2 Rc8 25. Rc1 Bc5 26. Kg2 Bxd4 27. Rxc8+ Qxc8
28. Qxd4 Qc1 29. gxh4 Qe1 30. e4 e5 31. Qb2 Nh5 32. Nf1 dxe4 33. fxe4 Nf4+ 34.
Kg1 Qxe4 35. Ng3 Qf3 0-1

[Event "Paul Keres Memorial Festival 2014"]
[Site "?"]
[Date "2014.01.10"]
[Round "1.12"]
[White "Agopov, Mikael"]
[Black "Abozenko, Georg"]
[Result "1-0"]
[WhiteElo "2413"]
[BlackElo "1931"]
[PlyCount "47"]
[EventDate "2014.01.13"]
[SourceDate "2014.01.13"]

1. e4 d5 2. exd5 Nf6 3. d4 Nxd5 4. Nf3 Bg4 5. h3 Bh5 6. c4 Nb6 7. c5 N6d7 8.
Nc3 e6 9. g4 Bg6 10. Bg2 c6 11. Bg5 Be7 12. Bxe7 Qxe7 13. O-O O-O 14. b4 Rd8
15. Qe2 Nf6 16. Rfd1 Na6 17. b5 Nb4 18. bxc6 bxc6 19. Ne5 Qc7 20. h4 Nfd5 21.
Nxd5 cxd5 22. a3 Nc6 23. Nxc6 Qxc6 24. h5 1-0

[Event "Paul Keres Memorial Festival 2014"]
[Site "?"]
[Date "2014.01.10"]
[Round "1.13"]
[White "Chukavin, Kirill"]
[Black "Kantans, Toms"]
[Result "0-1"]
[WhiteElo "1906"]
[BlackElo "2412"]
[PlyCount "84"]
[EventDate "2014.01.13"]
[SourceDate "2014.01.13"]

1. e4 c5 2. Nf3 Nf6 3. Nc3 Nc6 4. d4 d5 5. exd5 Nxd5 6. Bb5 Nxc3 7. bxc3 cxd4
8. Bxc6+ bxc6 9. cxd4 Ba6 10. Ne5 Qd5 11. Qf3 Rc8 12. Qxd5 cxd5 13. Kd2 e6 14.
c3 Bd6 15. a4 Rb8 16. Kc2 f6 17. Nc6 Rc8 18. Nxa7 Ra8 19. Nc6 Bb5 20. Nb4 Bxa4+
21. Kb2 Kf7 22. Bd2 Rhc8 23. Rhc1 g5 24. Ra3 Bb5 25. Rxa8 Rxa8 26. g3 Kg6 27.
Re1 Bd7 28. Ra1 Rxa1 29. Kxa1 Kf5 30. f3 Ba4 31. Nd3 Bd1 32. Ne1 g4 33. f4 Ke4
34. Kb2 h5 35. Kc1 Ba4 36. Kb2 Be7 37. Bc1 f5 38. Bd2 h4 39. Bc1 h3 40. Bd2 Bh4
41. Ka3 Bxg3 42. Kxa4 Bxh2 0-1

[Event "Paul Keres Memorial Festival 2014"]
[Site "?"]
[Date "2014.01.10"]
[Round "1.14"]
[White "Beinoras, Mindaugas"]
[Black "Makin, Kirill"]
[Result "1-0"]
[WhiteElo "2404"]
[BlackElo "1891"]
[PlyCount "61"]
[EventDate "2014.01.13"]
[SourceDate "2014.01.13"]

1. d4 d5 2. c4 e5 3. dxe5 d4 4. Nf3 Nc6 5. a3 a5 6. g3 Be6 7. Nbd2 Bc5 8. Bg2
Qd7 9. O-O Bh3 10. Qb3 Bxg2 11. Kxg2 Nge7 12. Ne4 Ba7 13. Rd1 h5 14. h4 O-O-O
15. Neg5 Ng6 16. e6 fxe6 17. Qc2 Nge5 18. Bf4 d3 19. Qc3 Bd4 20. Nxd4 Qxd4 21.
Qxd4 Rxd4 22. Nxe6 Rxc4 23. exd3 Rc2 24. d4 Ng4 25. Rd2 Rc4 26. d5 Ne7 27. Bxc7
Nf5 28. Bxa5 Nd6 29. Bc3 Ne4 30. Rd4 Rxd4 31. Bxd4 1-0

[Event "Paul Keres Memorial Festival 2014"]
[Site "?"]
[Date "2014.01.10"]
[Round "1.15"]
[White "Sirp, Karl A"]
[Black "Okhotnik, Vladimir"]
[Result "0-1"]
[WhiteElo "1792"]
[BlackElo "2387"]
[PlyCount "80"]
[EventDate "2014.01.13"]
[SourceDate "2014.01.13"]

1. e4 Nc6 2. d4 d5 3. e5 Bf5 4. c3 Qd7 5. Nf3 f6 6. Bf4 e6 7. Bb5 a6 8. Ba4 b5
9. Bc2 Bxc2 10. Qxc2 f5 11. Nbd2 Nge7 12. Nb3 Ng6 13. Bd2 a5 14. a4 bxa4 15.
Nc1 a3 16. bxa3 a4 17. Nd3 Na5 18. O-O Be7 19. Bg5 Bf8 20. Rfb1 h6 21. Be3 Be7
22. Nd2 O-O 23. f4 Rfb8 24. Nb4 Bf8 25. Rb2 Ne7 26. c4 dxc4 27. Nxc4 Nb3 28.
Rd1 Nd5 29. Nxd5 Qxd5 30. Rd3 Ra6 31. Nd2 Rc6 32. Rc3 Nxd4 33. Rxc6 Nxc2 34.
Rbxc2 Bxa3 35. Rxc7 Bf8 36. Nf3 a3 37. Bd4 a2 38. Ra7 Rb3 39. Ra4 Rxf3 40. gxf3
Qxd4+ 0-1

[Event "Paul Keres Memorial Festival 2014"]
[Site "?"]
[Date "2014.01.10"]
[Round "1.16"]
[White "Shalamberidze, Akaki"]
[Black "Lumiste, Rene"]
[Result "1-0"]
[WhiteElo "2372"]
[BlackElo "1778"]
[PlyCount "53"]
[EventDate "2014.01.13"]
[SourceDate "2014.01.13"]

1. c4 e6 2. Nf3 Nf6 3. g3 b6 4. Bg2 Bb7 5. O-O c5 6. Nc3 d5 7. cxd5 Nxd5 8. d4
Nxc3 9. bxc3 Be7 10. Qa4+ Bc6 11. Qc2 O-O 12. e4 Qc7 13. d5 exd5 14. exd5 Bb7
15. Re1 h6 16. c4 Bf6 17. Bf4 Qd8 18. Rad1 Nd7 19. Nd2 Re8 20. Ne4 Be5 21. Nd6
Bxd6 22. Bxd6 Qf6 23. Bf4 Ne5 24. Qe2 Ng6 25. Qxe8+ Rxe8 26. Rxe8+ Kh7 27. Be4
1-0

[Event "Paul Keres Memorial Festival 2014"]
[Site "Tallinn"]
[Date "2014.01.11"]
[Round "2.1"]
[White "Mertanen, Janne"]
[Black "Danin, Alexandre"]
[Result "0-1"]
[WhiteElo "2334"]
[BlackElo "2602"]
[PlyCount "92"]
[EventDate "2014.??.??"]

1. d4 Nf6 2. c4 g6 3. Nc3 d5 4. cxd5 Nxd5 5. Bd2 Bg7 6. e4 Nb6 7. Be3 O-O 8. h3
e5 9. Nf3 exd4 10. Bxd4 Qe7 11. Bxg7 Kxg7 12. Qd4+ f6 13. Qe3 Be6 14. b3 c5 15.
Be2 Nc6 16. O-O Nd7 17. Rac1 Rad8 18. Bb5 Nce5 19. Nxe5 fxe5 20. Bxd7 Rxd7 21.
Ne2 b6 22. Rcd1 Rfd8 23. Rxd7 Bxd7 24. Rd1 Bb5 25. Rxd8 Qxd8 26. Nc3 Bc6 27.
Ne2 a5 28. f3 Qd6 29. Qc3 Be8 30. Kf2 Bf7 31. Ke3 Qd4+ 32. Qxd4 exd4+ 33. Kd3
a4 34. bxa4 Bxa2 35. Nc1 Be6 36. f4 Kf6 37. g4 Bd7 38. e5+ Ke6 39. a5 Bb5+ 40.
Ke4 Bc6+ 41. Kd3 bxa5 42. Kc4 Be4 43. Ne2 d3 44. Nc3 d2 45. Kxc5 Bc2 46. Kb5 a4
0-1

[Event "Paul Keres Memorial Festival 2014"]
[Site "Tallinn"]
[Date "2014.01.11"]
[Round "2.2"]
[White "Malakhatko, Vadim"]
[Black "Ladva, Ottomar"]
[Result "1-0"]
[WhiteElo "2549"]
[BlackElo "2337"]
[PlyCount "73"]
[EventDate "2014.??.??"]

1. d4 d5 2. c4 e6 3. Nc3 Nf6 4. cxd5 Nxd5 5. e4 Nxc3 6. bxc3 c5 7. Rb1 cxd4 8.
cxd4 Nc6 9. Bb5 a6 10. Bxc6+ bxc6 11. Nf3 Bd6 12. O-O O-O 13. Qc2 Qc7 14. Rb3
e5 15. dxe5 Bxe5 16. Nxe5 Qxe5 17. Qxc6 Be6 18. Bb2 Qa5 19. Rg3 g6 20. Bf6 Qd2
21. Bg5 Qxa2 22. Qc3 Rfb8 23. h4 Qb2 24. Qf3 Kg7 25. h5 f6 26. Bc1 Qb5 27. Bf4
Rh8 28. Bd6 Qc6 29. Qf4 Qe8 30. e5 f5 31. Qg5 Qf7 32. h6+ Kg8 33. Rc3 Bd7 34.
Rc7 Qe6 35. Rd1 Kf7 36. Bc5 Rhd8 37. Rd6 1-0

[Event "Paul Keres Memorial Festival 2014"]
[Site "Tallinn"]
[Date "2014.01.11"]
[Round "2.3"]
[White "Vovk, Ilja"]
[Black "Miezis, Normunds"]
[Result "1-0"]
[WhiteElo "2299"]
[BlackElo "2555"]
[PlyCount "121"]
[EventDate "2014.??.??"]

1. e4 c5 2. Na3 Nc6 3. Bb5 Nf6 4. d3 g6 5. c3 Bg7 6. f4 O-O 7. Nf3 d5 8. e5 Ne8
9. Bxc6 bxc6 10. Qa4 Qb6 11. O-O Bf5 12. d4 c4 13. Nc2 f6 14. Nb4 Rc8 15. Na6
g5 16. Rf2 fxe5 17. fxe5 h6 18. Nc5 Nc7 19. Be3 Rcd8 20. Raf1 Bc8 21. Qc2 Bf5
22. Qd2 Bh7 23. h4 Qb8 24. hxg5 hxg5 25. Bxg5 Rf7 26. Bh6 Qc8 27. Nh2 Rxf2 28.
Rxf2 Ne6 29. Nxe6 Qxe6 30. Bxg7 Kxg7 31. Qg5+ Kh8 32. Qh4 Rg8 33. Nf3 Rg4 34.
Ng5 Rxh4 35. Nxe6 Bb1 36. a3 Rg4 37. Rf8+ Kh7 38. Rf4 Rg8 39. Rh4+ Kg6 40. Rg4+
Kf7 41. Rxg8 Kxg8 42. Nd8 Kf8 43. Nxc6 Bf5 44. Nb4 Be4 45. Na6 Kf7 46. Nc5 Bc2
47. Kf2 Kg6 48. g4 Bd1 49. Kg3 Kf7 50. Kf4 e6 51. Nb7 Ke7 52. Nd6 a5 53. Nb7 a4
54. Nc5 Bc2 55. Kg5 Bd1 56. Kg6 Bxg4 57. Nxa4 Bf5+ 58. Kh6 Kd7 59. Nc5+ Kc6 60.
Kg7 Kb5 61. Kf6 1-0

[Event "Paul Keres Memorial Festival 2014"]
[Site "Tallinn"]
[Date "2014.01.11"]
[Round "2.4"]
[White "Kveinys, Aloyzas"]
[Black "Krupenski, Juri"]
[Result "1/2-1/2"]
[WhiteElo "2540"]
[BlackElo "2300"]
[PlyCount "59"]
[EventDate "2014.??.??"]

1. d4 Nf6 2. Nf3 e6 3. c4 b6 4. g3 Ba6 5. Qa4 c5 6. Bg2 Bb7 7. dxc5 bxc5 8. O-O
Be7 9. Nc3 O-O 10. Rd1 Qb6 11. Bf4 d6 12. Rd2 Nc6 13. Qb5 Qc7 14. Rad1 a6 15.
Qa4 Nd4 16. Ne1 Bxg2 17. Nxg2 h6 18. Be3 Nf5 19. f3 Nxe3 20. Nxe3 Rfd8 21. Ng2
Qb7 22. Qc2 Rd7 23. b3 Rad8 24. e4 Ne8 25. Ne3 Bf6 26. Ne2 g6 27. Rd3 Bg7 28.
R1d2 h5 29. Qd1 Qc6 30. Qf1 1/2-1/2

[Event "Paul Keres Memorial Festival 2014"]
[Site "Tallinn"]
[Date "2014.01.11"]
[Round "2.5"]
[White "Järvenpää, Jari"]
[Black "Gleizerov, Evgeny"]
[Result "0-1"]
[WhiteElo "2287"]
[BlackElo "2534"]
[PlyCount "92"]
[EventDate "2014.??.??"]

1. d4 e6 2. c4 f5 3. Nc3 Nf6 4. g3 d5 5. Bg2 c6 6. Nh3 Bd6 7. O-O O-O 8. Bf4
Be7 9. c5 Ne4 10. Nxe4 dxe4 11. f3 exf3 12. exf3 Nd7 13. Qb3 Kh8 14. Rad1 e5
15. dxe5 Qe8 16. Rfe1 Nxc5 17. Qc2 Be6 18. Bg5 Bd5 19. Bxe7 Qxe7 20. Nf4 Rad8
21. Nxd5 cxd5 22. b4 Ne6 23. a3 f4 24. Qb3 Qg5 25. g4 Qh4 26. Rf1 h5 27. gxh5
Rf5 28. Rxd5 Rxh5 29. Rfd1 Qxh2+ 30. Kf1 Rc8 31. R5d2 Rxe5 32. Qb2 Re3 33. Qb1
Qh5 34. Kf2 Qh4+ 35. Kf1 Re8 36. Rd3 Nf8 37. R3d2 Rxa3 38. Rd3 Ra6 39. Rd6 Rxd6
40. Rxd6 Nh7 41. Qd1 Qe7 42. Kg1 Nf6 43. Kf1 Nh5 44. Kg1 Ng3 45. Qd3 Qh4 46.
Qd2 Nf5 0-1

[Event "Paul Keres Memorial Festival 2014"]
[Site "Tallinn"]
[Date "2014.01.11"]
[Round "2.6"]
[White "Tokranovs, Dmitrijs"]
[Black "Hasangatin, Ramil"]
[Result "1-0"]
[WhiteElo "2238"]
[BlackElo "2501"]
[Annotator ",Maleliit"]
[PlyCount "106"]
[EventDate "2014.??.??"]

1. e4 d6 2. d4 Nf6 3. Nc3 e5 4. dxe5 dxe5 5. Qxd8+ Kxd8 6. Nf3 Bd6 7. Be3 Ke7
8. a3 Nbd7 9. Bc4 c6 10. Rd1 Bc7 11. Nh4 g6 12. Nf3 h6 13. h3 Ne8 14. O-O Nd6
15. Be2 Bb6 16. Bxb6 axb6 17. Rd2 b5 18. h4 Ne8 19. Rfd1 Nef6 20. Rd6 Re8 21.
g3 Kf8 22. Nd2 Kg7 23. Nb3 Nf8 24. f3 Ne6 25. Bf1 Nc7 26. Kf2 Rb8 27. R1d2 Na8
28. Nc5 Nc7 29. Nd1 Ne6 30. Nb3 Kf8 31. Ne3 Ke7 32. R6d3 Nd7 33. c4 Ndc5 34.
Nxc5 Nxc5 35. Rc3 Na4 36. Rcc2 Be6 37. cxb5 Bb3 38. bxc6 Bxc2 39. c7 Rbc8 40.
Nd5+ Kd6 41. Nb6+ Kxc7 42. Nxc8 Rxc8 43. Rxc2+ Kb8 44. Rc4 Nc5 45. Rb4 Kc7 46.
Bc4 Rd8 47. Ke2 f5 48. Rb5 b6 49. b4 Na4 50. Rxe5 Nc3+ 51. Ke3 b5 52. Re7+ Kd6
53. Re6+ Kd7 {...} 1-0

[Event "Paul Keres Memorial Festival 2014"]
[Site "?"]
[Date "2014.01.11"]
[Round "2.7"]
[White "Smirnov, Artem"]
[Black "Koykka, Pekka"]
[Result "1/2-1/2"]
[WhiteElo "2418"]
[BlackElo "2294"]
[PlyCount "76"]
[EventDate "2014.01.13"]
[SourceDate "2014.01.13"]

1. d4 d5 2. c4 c6 3. Nf3 Nf6 4. Nc3 dxc4 5. a4 Bf5 6. Nh4 Be6 7. e4 Na6 8. Nf3
Nb4 9. Ng5 Qxd4 10. Nxe6 fxe6 11. Qxd4 Nc2+ 12. Kd1 Nxd4 13. Bxc4 e5 14. Be3 e6
15. a5 Bb4 16. Kc1 Ke7 17. f4 Ng4 18. Bg1 b5 19. axb6 axb6 20. Rxa8 Rxa8 21. h3
Ra1+ 22. Nb1 Nh6 23. fxe5 c5 24. Bxd4 cxd4 25. Rd1 Bc5 26. Kc2 Nf7 27. Nd2 Rxd1
28. Kxd1 Nxe5 29. Bb5 Ng6 30. Nf3 Nf4 31. Bf1 Kf6 32. Kc2 g5 33. e5+ Kf5 34. g3
d3+ 35. Kd2 Bb4+ 36. Ke3 Bc5+ 37. Kd2 Bb4+ 38. Ke3 Bc5+ 1/2-1/2

[Event "Paul Keres Memorial Festival 2014"]
[Site "?"]
[Date "2014.01.11"]
[Round "2.8"]
[White "Koop, Vyacheslav"]
[Black "Agopov, Mikael"]
[Result "0-1"]
[WhiteElo "2199"]
[BlackElo "2413"]
[PlyCount "82"]
[EventDate "2014.01.13"]
[SourceDate "2014.01.13"]

1. e4 c5 2. Nf3 d6 3. d4 cxd4 4. Nxd4 Nf6 5. Nc3 a6 6. Bg5 Nbd7 7. Qd2 e6 8.
O-O-O h6 9. Be3 Ng4 10. f4 Nxe3 11. Qxe3 Be7 12. g4 g5 13. f5 Ne5 14. fxe6 fxe6
15. Be2 Qb6 16. Rhf1 Bd7 17. Qg1 Qc5 18. Nf3 Qxg1 19. Rxg1 Nxf3 20. Bxf3 Rf8
21. Rgf1 O-O-O 22. Ne2 Bb5 23. Kd2 Bf6 24. c4 Bc6 25. b3 Rd7 26. Bg2 Rdf7 27.
Ke3 Kc7 28. h3 b5 29. Rc1 Kb6 30. Rfd1 Be5 31. Rf1 Rxf1 32. Rxf1 Rxf1 33. Bxf1
bxc4 34. bxc4 Kc5 35. Kd3 a5 36. Bg2 Kb4 37. Nc1 a4 38. Bf3 Bb7 39. Be2 Ka3 40.
Bf3 Kb2 41. Ne2 a3 0-1

[Event "Paul Keres Memorial Festival 2014"]
[Site "?"]
[Date "2014.01.11"]
[Round "2.9"]
[White "Kantans, Toms"]
[Black "Bernotas, Arturs"]
[Result "1-0"]
[WhiteElo "2412"]
[BlackElo "2267"]
[PlyCount "79"]
[EventDate "2014.01.13"]
[SourceDate "2014.01.13"]

1. c4 Nf6 2. Nc3 e6 3. e4 d5 4. cxd5 exd5 5. exd5 Nxd5 6. Nf3 Be7 7. d4 O-O 8.
Bd3 Nc6 9. O-O Be6 10. Re1 Qd7 11. h3 Rad8 12. Be3 Ncb4 13. Bb1 Nxe3 14. fxe3
c5 15. a3 cxd4 16. exd4 Nd5 17. Ne4 Rfe8 18. Bc2 Nf6 19. Neg5 Bd5 20. Qd3 Bxf3
21. Nxf3 Bc5 22. Rxe8+ Qxe8 23. Bb3 Bb6 24. Rd1 h6 25. Bc2 Qe7 26. Kh1 Qd6 27.
Bb3 Qf4 28. Re1 Re8 29. Ne5 Nh5 30. g4 Bxd4 31. Bxf7+ Qxf7 32. Qxd4 Rxe5 33.
Qd8+ Kh7 34. Qd3+ g6 35. Rxe5 Qc7 36. Rxh5 Qc1+ 37. Kg2 Qxb2+ 38. Kg3 Qa1 39.
Qd7+ Kg8 40. Qe8+ 1-0

[Event "Paul Keres Memorial Festival 2014"]
[Site "?"]
[Date "2014.01.11"]
[Round "2.10"]
[White "Juknis, Paulius"]
[Black "Beinoras, Mindaugas"]
[Result "0-1"]
[WhiteElo "2162"]
[BlackElo "2404"]
[PlyCount "100"]
[EventDate "2014.01.13"]
[SourceDate "2014.01.13"]

1. e4 d6 2. d4 Nf6 3. Nc3 c6 4. Nf3 Bg4 5. h3 Bh5 6. Qe2 e6 7. g4 Bg6 8. h4 h5
9. g5 Nfd7 10. d5 cxd5 11. exd5 e5 12. Be3 Be7 13. O-O-O O-O 14. Nd2 Na6 15.
Nde4 Qa5 16. Qb5 Qc7 17. Bh3 Nac5 18. Nxc5 Nxc5 19. Bxc5 dxc5 20. f3 Rad8 21.
Ne4 a6 22. Qe2 c4 23. Qe3 b5 24. Rhe1 Rfe8 25. d6 Bxd6 26. Nxd6 Rxd6 27. Rxd6
Qxd6 28. f4 Rd8 29. fxe5 Qb4 30. Qc3 Qc5 31. e6 fxe6 32. Bxe6+ Kh8 33. Qe3 Qd6
34. b3 Re8 35. Qe5 Qxe5 36. Rxe5 cxb3 37. axb3 Bf7 38. Bxf7 Rxe5 39. Bxh5 Re4
40. Bf7 Kh7 41. h5 Rg4 42. g6+ Kh6 43. c4 bxc4 44. Bxc4 a5 45. Bf7 Kxh5 46. Kb2
Kg5 47. Kc3 Kf6 48. Be8 Rh4 49. Bf7 Re4 50. Bd5 Re7 0-1

[Event "Paul Keres Memorial Festival 2014"]
[Site "?"]
[Date "2014.01.11"]
[Round "2.11"]
[White "Okhotnik, Vladimir"]
[Black "Dubrovin, Robert"]
[Result "0-1"]
[WhiteElo "2387"]
[BlackElo "2216"]
[PlyCount "84"]
[EventDate "2014.01.13"]
[SourceDate "2014.01.13"]

1. d4 Nf6 2. Nf3 e6 3. Bg5 h6 4. Bxf6 Qxf6 5. e4 d5 6. Bd3 Qd8 7. O-O Be7 8. c4
dxe4 9. Bxe4 Nd7 10. Nc3 Nf6 11. Bc2 O-O 12. Qe2 c5 13. dxc5 Bxc5 14. a3 a6 15.
b4 Be7 16. Ne4 Qc7 17. Rab1 Bd7 18. Rfd1 Bc6 19. Nd4 Bxe4 20. Bxe4 Nxe4 21.
Qxe4 Rac8 22. c5 Rfd8 23. g3 b6 24. cxb6 Qxb6 25. Nb3 Rc3 26. Na5 Rdc8 27. Rb3
Rc2 28. Rf3 Bf6 29. Nb3 R8c4 30. Qe3 Qxe3 31. Rxe3 Ra2 32. Nc5 a5 33. Na6 Bd4
34. Rf3 e5 35. bxa5 e4 36. Rf4 g5 37. Rf5 e3 38. fxe3 Bxe3+ 39. Kf1 Rxa3 40. h3
Ra2 41. Rb1 Rh2 42. Re1 Rcc2 0-1